[Event "Eliminacje Miedzywojewodzkie MA-WM C13"]
[Site "Brok"]
[Date "2022.09.15"]
[Round "7.3"]
[White "Nocek, Dominik"]
[Black "Dobosiewicz, Dawid"]
[Result "1/2-1/2"]
[BlackElo "1730"]
[WhiteElo "1627"]
[LiveChessVersion "1.4.8"]

1. e4 {[%clk 1:30:58]} c6 {[%clk 1:30:57]} 2. d4 {[%clk 1:31:21]} d5
{[%clk 1:31:23]} 3. e5 {[%clk 1:31:44]} Bf5 {[%clk 1:31:46]} 4. h4
{[%clk 1:32:01]} h5 {[%clk 1:32:10]} 5. Bd3 {[%clk 1:32:24]} Bxd3
{[%clk 1:32:35]} 6. Qxd3 {[%clk 1:32:47]} Qa5+ {[%clk 1:32:58]} 7. Nd2
{[%clk 1:33:08]} e6 {[%clk 1:30:16]} 8. Ngf3 {[%clk 1:32:46]} Nh6
{[%clk 1:26:59]} 9. O-O {[%clk 1:32:47]} Nf5 {[%clk 1:26:18]} 10. a4
{[%clk 1:32:53]} Qa6 {[%clk 1:23:50]} 11. c4 {[%clk 1:32:57]} Be7
{[%clk 1:22:37]} 12. g3 {[%clk 1:20:01]} Nd7 {[%clk 1:21:12]} 13. b3
{[%clk 1:18:33]} Rd8 {[%clk 1:18:50]} 14. Re1 {[%clk 0:59:41]} Bb4
{[%clk 1:04:22]} 15. Ba3 {[%clk 0:47:29]} Bxa3 {[%clk 1:00:18]} 16. Rxa3
{[%clk 0:47:56]} c5 {[%clk 0:55:52]} 17. Qc3 {[%clk 0:45:02]} cxd4
{[%clk 0:55:28]} 18. Nxd4 {[%clk 0:45:17]} Nxd4 {[%clk 0:55:39]} 19. Qxd4
{[%clk 0:45:44]} dxc4 {[%clk 0:51:40]} 20. Nxc4 {[%clk 0:45:38]} O-O
{[%clk 0:51:45]} 21. Qe3 {[%clk 0:42:15]} Nb6 {[%clk 0:49:34]} 22. Nd6
{[%clk 0:35:10]} Nc8 {[%clk 0:49:14]} 23. Ne4 {[%clk 0:32:52]} Qa5
{[%clk 0:49:17]} 24. Ng5 {[%clk 0:20:41]} Ne7 {[%clk 0:49:16]} 25. Raa1
{[%clk 0:19:40]} Rd5 {[%clk 0:42:24]} 26. Rad1 {[%clk 0:14:34]} Qb4
{[%clk 0:33:49]} 27. Qf3 {[%clk 0:10:28]} Qg4 {[%clk 0:34:10]} 28. Qxg4
{[%clk 0:08:50]} hxg4 {[%clk 0:34:35]} 29. Rxd5 {[%clk 0:08:48]} exd5
{[%clk 0:32:29]} 30. Rc1 {[%clk 0:05:15]} Nc6 {[%clk 0:32:45]} 31. e6
{[%clk 0:04:33]} f6 {[%clk 0:30:01]} 32. Nf7 {[%clk 0:04:56]} Nd4
{[%clk 0:29:38]} 33. Nd6 {[%clk 0:03:56]} Ne2+ {[%clk 0:29:46]} 34. Kf1
{[%clk 0:03:59]} Nxc1 {[%clk 0:30:11]} 35. e7 {[%clk 0:04:23]} Nxb3
{[%clk 0:29:36]} 36. exf8=R+ {[%clk 0:04:43]} Kxf8 {[%clk 0:29:51]} 37. Nxb7
{[%clk 0:04:46]} Ke7 {[%clk 0:30:10]} 38. a5 {[%clk 0:04:57]} Kd7
{[%clk 0:29:12]} 39. a6 {[%clk 0:05:06]} Kc6 {[%clk 0:28:28]} 40. Nd8+
{[%clk 0:05:17]} Kd6 {[%clk 0:28:00]} 41. Nb7+ {[%clk 0:04:17]} Ke5
{[%clk 0:27:50]} 42. Nd8 {[%clk 0:03:49]} Nc5 {[%clk 0:27:36]} 43. Nc6+
{[%clk 0:03:50]} Ke4 {[%clk 0:27:46]} 44. Nxa7 {[%clk 0:03:29]} Nxa6
{[%clk 0:28:13]} 45. Ke1 {[%clk 0:02:58]} Nc5 {[%clk 0:28:38]} 46. Nb5
{[%clk 0:02:41]} Ne6 {[%clk 0:28:05]} 47. Nd6+ {[%clk 0:02:08]} Kd3
{[%clk 0:27:26]} 48. Kd1 {[%clk 0:01:58]} d4 {[%clk 0:26:43]} 49. Ne8
{[%clk 0:02:19]} Ke4 {[%clk 0:18:58]} 50. h5 {[%clk 0:02:12]} Kf3
{[%clk 0:16:33]} 51. Nxg7 {[%clk 0:02:33]} Ng5 {[%clk 0:16:56]} 52. Ke1
{[%clk 0:01:54]} d3 {[%clk 0:16:41]} 53. h6 {[%clk 0:01:37]} Ke4 {[%clk 0:14:13]}
54. Ne6 {[%clk 0:01:06]} Nh7 {[%clk 0:14:41]} 55. Nf4 {[%clk 0:01:19]} 1/2-1/2

[Event "Eliminacje Miedzywojewodzkie MA-WM C13"]
[Site "Brok"]
[Date "2022.09.15"]
[Round "7.4"]
[White "Przybylski, Jan"]
[Black "Krogulski, Maksymilian"]
[Result "1/2-1/2"]
[BlackElo "1559"]
[WhiteElo "1704"]
[LiveChessVersion "1.4.8"]

1. e4 {[%clk 1:30:57]} c5 {[%clk 1:31:00]} 2. Nf3 {[%clk 1:31:19]} Nc6
{[%clk 1:31:28]} 3. d4 {[%clk 1:31:42]} cxd4 {[%clk 1:31:57]} 4. Nxd4
{[%clk 1:32:04]} e6 {[%clk 1:32:23]} 5. Nc3 {[%clk 1:31:26]} Qc7 {[%clk 1:32:43]}
6. Be3 {[%clk 1:29:00]} a6 {[%clk 1:32:31]} 7. Bd3 {[%clk 1:25:18]} b5
{[%clk 1:32:06]} 8. O-O {[%clk 1:23:57]} Bb7 {[%clk 1:31:55]} 9. Qd2
{[%clk 1:21:36]} Nf6 {[%clk 1:30:46]} 10. a3 {[%clk 1:15:27]} Be7
{[%clk 1:30:05]} 11. f3 {[%clk 1:09:56]} Bc5 {[%clk 1:30:01]} 12. Nb3
{[%clk 1:09:03]} Bxe3+ {[%clk 1:30:06]} 13. Qxe3 {[%clk 1:09:31]} O-O
{[%clk 1:29:56]} 14. Rfe1 {[%clk 1:08:57]} Ne5 {[%clk 1:29:01]} 15. Rad1
{[%clk 1:07:04]} Rac8 {[%clk 1:28:16]} 16. Bf1 {[%clk 0:54:26]} Nc4
{[%clk 1:28:22]} 17. Bxc4 {[%clk 0:54:15]} Qxc4 {[%clk 1:25:12]} 18. Rd4
{[%clk 0:53:22]} Qc7 {[%clk 1:25:17]} 19. Red1 {[%clk 0:52:29]} d5
{[%clk 1:25:01]} 20. e5 {[%clk 0:49:58]} Nd7 {[%clk 1:24:41]} 21. Re1
{[%clk 0:48:11]} Rce8 {[%clk 1:10:01]} 22. Nd2 {[%clk 0:37:33]} f5
{[%clk 1:10:00]} 23. f4 {[%clk 0:36:47]} Nc5 {[%clk 1:09:08]} 24. b4
{[%clk 0:29:31]} Ne4 {[%clk 1:07:57]} 25. Ncxe4 {[%clk 0:29:03]} dxe4
{[%clk 1:08:25]} 26. c3 {[%clk 0:20:27]} Bd5 {[%clk 1:05:04]} 27. Rc1
{[%clk 0:19:47]} Rc8 {[%clk 1:05:18]} 28. Qe1 {[%clk 0:18:28]} Qb6
{[%clk 1:04:22]} 29. Qe3 {[%clk 0:16:13]} Rc6 {[%clk 1:02:48]} 30. Nb1
{[%clk 0:05:58]} Rfc8 {[%clk 1:02:56]} 31. Qd2 {[%clk 0:04:54]} Rc4
{[%clk 0:58:56]} 32. Rd1 {[%clk 0:04:19]} Rxd4 {[%clk 0:58:06]} 33. cxd4
{[%clk 0:04:02]} Rc4 {[%clk 0:58:28]} 34. Nc3 {[%clk 0:03:53]} Bb7
{[%clk 0:56:45]} 35. Kf2 {[%clk 0:03:41]} Kf8 {[%clk 0:44:47]} 36. Ke3
{[%clk 0:03:35]} Qc7 {[%clk 0:42:07]} 37. Rc1 {[%clk 0:03:22]} Qd8
{[%clk 0:39:37]} 38. g3 {[%clk 0:03:08]} Qc8 {[%clk 0:38:15]} 39. Ne2
{[%clk 0:02:45]} Bd5 {[%clk 0:37:15]} 40. Rc3 {[%clk 0:02:32]} Ke7
{[%clk 0:37:13]} 41. Qc1 {[%clk 0:02:39]} Kd7 {[%clk 0:36:43]} 42. Rxc4
{[%clk 0:02:11]} Bxc4 {[%clk 0:33:45]} 43. Qc3 {[%clk 0:01:32]} Bxe2
{[%clk 0:33:30]} 44. Qxc8+ {[%clk 0:02:01]} Kxc8 {[%clk 0:33:59]} 45. Kxe2
{[%clk 0:02:30]} Kd7 {[%clk 0:34:10]} 46. d5 {[%clk 0:02:51]} exd5
{[%clk 0:33:37]} 47. Ke3 {[%clk 0:03:15]} Ke6 {[%clk 0:33:58]} 48. Kd4
{[%clk 0:03:33]} h6 {[%clk 0:34:05]} 49. Ke3 {[%clk 0:03:36]} h5 {[%clk 0:34:00]}
50. h4 {[%clk 0:03:59]} g6 {[%clk 0:34:19]} 51. Kd4 {[%clk 0:04:23]} 1/2-1/2

[Event "Eliminacje Miedzywojewodzkie MA-WM C13"]
[Site "Brok"]
[Date "2022.09.15"]
[Round "7.5"]
[White "Terkiewicz, Bruno"]
[Black "Rzap, Filip"]
[Result "1-0"]
[BlackElo "1391"]
[WhiteElo "1846"]
[LiveChessVersion "1.4.8"]

1. e4 {[%clk 1:30:58]} c5 {[%clk 1:30:56]} 2. Nf3 {[%clk 1:31:20]} d6
{[%clk 1:31:23]} 3. d4 {[%clk 1:31:47]} cxd4 {[%clk 1:31:48]} 4. Nxd4
{[%clk 1:32:13]} Nf6 {[%clk 1:32:12]} 5. Nc3 {[%clk 1:32:40]} a6 {[%clk 1:32:38]}
6. g3 {[%clk 1:33:07]} e5 {[%clk 1:32:47]} 7. Nb3 {[%clk 1:33:33]} Be6
{[%clk 1:31:19]} 8. Bg2 {[%clk 1:33:52]} Be7 {[%clk 1:29:07]} 9. O-O
{[%clk 1:34:12]} Nc6 {[%clk 1:21:42]} 10. Nd5 {[%clk 1:26:33]} Bxd5
{[%clk 1:18:16]} 11. exd5 {[%clk 1:26:34]} Na5 {[%clk 1:18:09]} 12. Qe1
{[%clk 0:51:16]} Nc4 {[%clk 1:12:28]} 13. Qb4 {[%clk 0:43:56]} Qc7
{[%clk 1:02:53]} 14. Nd2 {[%clk 0:43:03]} Nxd2 {[%clk 1:00:22]} 15. Bxd2
{[%clk 0:43:21]} O-O {[%clk 1:00:46]} 16. c4 {[%clk 0:42:23]} Nd7
{[%clk 0:51:29]} 17. Be3 {[%clk 0:40:37]} Nc5 {[%clk 0:45:29]} 18. Qd2
{[%clk 0:32:08]} a5 {[%clk 0:40:37]} 19. b3 {[%clk 0:31:51]} f5 {[%clk 0:29:26]}
20. Rab1 {[%clk 0:28:07]} Rf6 {[%clk 0:22:42]} 21. a3 {[%clk 0:24:42]} a4
{[%clk 0:19:01]} 22. Bxc5 {[%clk 0:16:51]} dxc5 {[%clk 0:15:06]} 23. Qc3
{[%clk 0:13:29]} Bd6 {[%clk 0:11:32]} 24. b4 {[%clk 0:12:40]} b6 {[%clk 0:11:23]}
25. b5 {[%clk 0:12:07]} f4 26. Be4 {[%clk 0:11:25]} Qd7 {[%clk 0:09:05]} 27. Qd3
{[%clk 0:05:37]} Rh6 {[%clk 0:08:32]} 28. Bf5 {[%clk 0:05:29]} Qe8
{[%clk 0:08:08]} 29. Qf3 {[%clk 0:01:11]} Qf8 {[%clk 0:06:53]} 30. Be6+
{[%clk 0:01:08]} Kh8 {[%clk 0:06:47]} 31. Rbe1 {[%clk 0:01:20]} fxg3
{[%clk 0:06:46]} 32. Qxf8+ {[%clk 0:00:59]} Rxf8 {[%clk 0:07:07]} 33. fxg3
{[%clk 0:01:18]} Rhf6 {[%clk 0:07:20]} 34. Rxf6 {[%clk 0:00:58]} Rxf6
{[%clk 0:07:37]} 35. Rf1 {[%clk 0:01:05]} Rxf1+ {[%clk 0:08:01]} 36. Kxf1
{[%clk 0:01:30]} g6 {[%clk 0:08:17]} 37. Ke2 {[%clk 0:01:38]} Kg7
{[%clk 0:08:40]} 38. Ke3 {[%clk 0:01:54]} Kf6 {[%clk 0:08:57]} 39. Bg4
{[%clk 0:02:16]} h6 {[%clk 0:07:51]} 40. Ke4 {[%clk 0:02:33]} g5 {[%clk 0:08:12]}
41. Bd1 {[%clk 0:02:53]} Bc7 {[%clk 0:08:33]} 42. Bxa4 {[%clk 0:03:17]} Bd6
{[%clk 0:08:49]} 43. Bc2 {[%clk 0:03:20]} Bb8 {[%clk 0:08:51]} 44. a4
{[%clk 0:03:10]} Bd6 {[%clk 0:09:00]} 45. Bd1 {[%clk 0:03:18]} Kg6
{[%clk 0:08:52]} 46. Bg4 {[%clk 0:02:41]} Kf6 {[%clk 0:08:54]} 47. Bh5
{[%clk 0:02:30]} Bb8 {[%clk 0:08:44]} 48. Be8 {[%clk 0:01:37]} Bc7
{[%clk 0:08:30]} 49. Bh5 {[%clk 0:00:49]} Bb8 {[%clk 0:08:50]} 50. Be2
{[%clk 0:01:05]} Bd6 {[%clk 0:09:08]} 51. Bd1 {[%clk 0:01:28]} Bc7
{[%clk 0:09:12]} 52. d6 {[%clk 0:01:11]} Bxd6 {[%clk 0:09:33]} 53. Kd5
{[%clk 0:01:33]} Be7 {[%clk 0:09:25]} 54. Kc6 {[%clk 0:01:35]} Bd8
{[%clk 0:07:37]} 55. Kd7 {[%clk 0:02:00]} Be7 {[%clk 0:07:46]} 56. a5
{[%clk 0:02:15]} bxa5 {[%clk 0:07:56]} 57. b6 {[%clk 0:02:38]} e4
{[%clk 0:07:59]} 58. b7 {[%clk 0:03:02]} 1-0

[Event "Eliminacje Miedzywojewodzkie MA-WM C13"]
[Site "Brok"]
[Date "2022.09.15"]
[Round "7.6"]
[White "Renn, Grzegorz"]
[Black "Rajlich, Vaclav"]
[Result "0-1"]
[BlackElo "1289"]
[WhiteElo "1203"]
[LiveChessVersion "1.4.8"]

1. e4 {[%clk 1:30:58]} c5 {[%clk 1:30:54]} 2. Nf3 {[%clk 1:31:10]} g6
{[%clk 1:31:18]} 3. d4 {[%clk 1:31:35]} cxd4 {[%clk 1:31:36]} 4. Nxd4
{[%clk 1:31:51]} Bg7 {[%clk 1:31:55]} 5. Be3 {[%clk 1:31:49]} Nf6
{[%clk 1:31:28]} 6. Nc3 {[%clk 1:32:00]} Nc6 {[%clk 1:29:35]} 7. Be2
{[%clk 1:31:51]} d5 {[%clk 1:27:26]} 8. exd5 {[%clk 1:32:05]} Nxd5
{[%clk 1:27:21]} 9. Nxd5 {[%clk 1:32:27]} Qxd5 {[%clk 1:27:45]} 10. Nxc6
{[%clk 1:32:49]} Qxc6 {[%clk 1:25:52]} 11. Bf3 {[%clk 1:27:09]} Qb5
{[%clk 1:20:15]} 12. Bd4 {[%clk 1:27:14]} Qa5+ {[%clk 1:17:53]} 13. c3
{[%clk 1:27:31]} e5 {[%clk 1:17:56]} 14. Be3 {[%clk 1:25:51]} O-O
{[%clk 1:11:32]} 15. O-O {[%clk 1:26:02]} Be6 {[%clk 1:09:57]} 16. Bg4
{[%clk 1:24:24]} Rad8 {[%clk 1:08:04]} 17. Qe2 {[%clk 1:22:06]} f5
{[%clk 1:05:52]} 18. Bh3 {[%clk 1:21:23]} h6 {[%clk 1:03:36]} 19. g3
{[%clk 1:21:36]} g5 {[%clk 1:02:49]} 20. Bg2 {[%clk 1:20:55]} f4 {[%clk 0:58:54]}
21. b4 {[%clk 1:19:39]} Qc7 {[%clk 0:57:43]} 22. Bc5 {[%clk 1:19:28]} g4
{[%clk 0:43:16]} 23. gxf4 {[%clk 1:10:08]} Rxf4 {[%clk 0:43:13]} 24. Bxa7
{[%clk 1:10:30]} Bc4 {[%clk 0:43:14]} 25. Qe3 {[%clk 1:10:37]} Rd3
{[%clk 0:35:43]} 26. Bb6 {[%clk 1:09:07]} Qe7 {[%clk 0:35:38]} 27. Qc5
{[%clk 1:08:09]} Qh4 {[%clk 0:33:48]} 28. Rfd1 {[%clk 1:07:15]} Rh3
{[%clk 0:26:10]} 29. Qc8+ {[%clk 0:57:12]} Bf8 {[%clk 0:24:58]} 30. Rd8
{[%clk 0:42:50]} Rxc3 {[%clk 0:20:52]} 31. Bd5+ {[%clk 0:41:36]} Bxd5
{[%clk 0:20:05]} 32. Qxc3 {[%clk 0:41:53]} Bc6 {[%clk 0:15:33]} 33. Qg3
{[%clk 0:40:35]} Qg5 {[%clk 0:13:16]} 34. Rad1 {[%clk 0:39:46]} Rf3
{[%clk 0:12:58]} 35. Qg2 {[%clk 0:39:00]} Rh3 {[%clk 0:11:35]} 36. Be3
{[%clk 0:38:38]} Rxe3 {[%clk 0:11:48]} 37. Qf1 {[%clk 0:38:01]} g3
{[%clk 0:06:11]} 38. Rxf8+ {[%clk 0:37:00]} Kxf8 {[%clk 0:06:13]} 39. fxe3+
{[%clk 0:37:23]} Ke7 {[%clk 0:06:14]} 40. Qe2 {[%clk 0:33:08]} gxh2+
{[%clk 0:04:38]} 41. Kxh2 {[%clk 0:30:06]} Qh4+ {[%clk 0:05:00]} 42. Kg1
{[%clk 0:29:39]} Qg3+ {[%clk 0:05:19]} 43. Kf1 {[%clk 0:28:56]} Bf3
{[%clk 0:04:49]} 44. Qd2 {[%clk 0:26:26]} Qh3+ {[%clk 0:04:55]} 45. Kg1
{[%clk 0:25:22]} Qh1+ {[%clk 0:05:19]} 46. Kf2 {[%clk 0:25:49]} Qg2+
{[%clk 0:05:46]} 47. Ke1 {[%clk 0:26:16]} Qg1# 0-1

[Event "Eliminacje Miedzywojewodzkie MA-WM C13"]
[Site "Brok"]
[Date "2022.09.15"]
[Round "7.7"]
[White "Kryston, Aleksander"]
[Black "Baranowski, Jan"]
[Result "1-0"]
[BlackElo "1216"]
[WhiteElo "1281"]
[LiveChessVersion "1.4.8"]

1. d4 d5 2. Bf4 Nf6 3. Nf3 c6 4. e3 Bg4 5. c3 e6 6. Nbd2 Bd6 7. Bg3 Ne4 8. Be2
Nxg3 9. hxg3 Nd7 10. Qc2 Bf5 11. Bd3 Bxd3 12. Qxd3 Nf6 13. g4 Nxg4 14. Rxh7 Rxh7
15. Qxh7 Qf6 16. Qh4 Qxh4 17. Nxh4 O-O-O 18. Nhf3 Rh8 19. Ke2 e5 20. dxe5 Nxe5
21. Nxe5 Bxe5 22. Nf3 f6 23. Nxe5 fxe5 24. f4 exf4 25. exf4 Kd7 26. Kf3 b5 27. a4
bxa4 28. Rxa4 Ra8 29. f5 Kd6 30. Kf4 a5 31. b4 Rf8 32. bxa5 g5+ 33. Kxg5 Rg8+ 34.
Kf4 Rxg2 35. a6 Rh2 36. Kg3 Rh8 37. a7 Ra8 38. Kf4 c5 39. Ra6+ Kc7 40. Ke5 Kb7
41. Ra1 Kc6 42. Ke6 d4 43. cxd4 cxd4 44. f6 d3 45. Rd1 Rxa7 46. Rxd3 Ra1 47. Re3
Ra7 48. f7 Ra8 49. Rf3 1-0

[Event "Eliminacje Miedzywojewodzkie MA-WM C13"]
[Site "Brok"]
[Date "2022.09.15"]
[Round "7.9"]
[White "Dunalski, Szymon"]
[Black "Maciaga, Jan"]
[Result "0-1"]
[BlackElo "1296"]
[WhiteElo "1016"]
[LiveChessVersion "1.4.8"]

1. e4 c5 2. Nf3 Nc6 3. d4 cxd4 4. Nxd4 e5 5. Nb3 Be7 6. Nc3 Nf6 7. Bd3 d6 8. O-O
O-O 9. f4 Ng4 10. f5 Qb6+ 11. Kh1 Nf2+ 12. Rxf2 Qxf2 13. Bd2 Qb6 14. Qg4 Re8 15.
Qg3 Qd8 16. Bh6 Bf8 17. Nd5 Kh8 18. Be3 f6 19. Rf1 Ne7 20. Nxe7 Rxe7 21. Bc4 Qe8
22. Bd5 Bd7 23. Bxb7 Bb5 24. Bxa8 Bxf1 25. Bd5 g6 26. Qf2 Bb5 27. fxg6 Qxg6 28.
h3 Bd7 29. Na5 Rg7 30. Nc4 Be7 31. Nd2 f5 32. c4 f4 33. Bxa7 Bh4 34. Qf1 Bxh3 35.
gxh3 Rxa7 36. a3 Qg3 37. Nf3 Bd8 38. Qg2 Rg7 39. Qxg3 Rxg3 40. Nd2 Rxh3+ 41. Kg2
Rd3 0-1

[Event "Eliminacje Miedzywojewodzkie MA-WM C13"]
[Site "Brok"]
[Date "2022.09.16"]
[Round "8.1"]
[White "Krogulski, Maksymilian"]
[Black "Bartodziej, Bartosz"]
[Result "1/2-1/2"]
[BlackElo "1940"]
[WhiteElo "1559"]
[LiveChessVersion "1.4.8"]

1. e4 {[%clk 1:31:00]} c5 {[%clk 1:28:27]} 2. Nf3 {[%clk 1:31:18]} d6
{[%clk 1:28:25]} 3. c3 {[%clk 1:31:36]} Nf6 {[%clk 1:28:44]} 4. h3
{[%clk 1:32:04]} Nc6 {[%clk 1:28:38]} 5. Bd3 {[%clk 1:32:06]} d5 {[%clk 1:28:33]}
6. exd5 {[%clk 1:32:28]} Qxd5 {[%clk 1:24:36]} 7. Bc2 {[%clk 1:31:47]} e6
{[%clk 1:08:12]} 8. O-O {[%clk 1:30:04]} b6 {[%clk 1:03:29]} 9. Re1
{[%clk 1:27:59]} Bb7 {[%clk 1:02:35]} 10. Ba4 {[%clk 1:21:37]} Be7
{[%clk 0:59:30]} 11. d4 {[%clk 1:16:22]} O-O {[%clk 0:58:52]} 12. dxc5
{[%clk 1:15:47]} Qxc5 {[%clk 0:43:59]} 13. Be3 {[%clk 1:15:52]} Qh5
{[%clk 0:43:01]} 14. Bxc6 {[%clk 1:13:04]} Bxc6 {[%clk 0:42:48]} 15. Nd4
{[%clk 1:13:15]} Qxd1 {[%clk 0:41:55]} 16. Rxd1 {[%clk 1:13:44]} Rfd8
{[%clk 0:41:19]} 17. Nd2 {[%clk 1:12:52]} Bb7 {[%clk 0:39:02]} 18. Bg5
{[%clk 1:00:00]} h6 {[%clk 0:32:43]} 19. Bxf6 {[%clk 0:59:23]} Bxf6
{[%clk 0:33:10]} 20. N4f3 {[%clk 0:50:00]} Rd7 {[%clk 0:20:32]} 21. Kf1
{[%clk 0:50:00]} Rad8 {[%clk 0:20:24]} 22. Ke1 {[%clk 0:50:07]} Kf8
{[%clk 0:16:57]} 23. Nb3 {[%clk 0:44:11]} Bxf3 {[%clk 0:11:44]} 24. gxf3
{[%clk 0:44:17]} Ke7 {[%clk 0:10:39]} 25. Rxd7+ {[%clk 0:44:11]} Rxd7
{[%clk 0:09:21]} 26. Rd1 {[%clk 0:44:24]} Rxd1+ {[%clk 0:09:45]} 27. Kxd1
{[%clk 0:44:49]} Kd6 {[%clk 0:09:41]} 28. Nd2 {[%clk 0:44:00]} Kd5
{[%clk 0:09:29]} 29. Ke2 {[%clk 0:31:24]} Be5 {[%clk 0:08:24]} 30. Kd3
{[%clk 0:30:27]} f5 {[%clk 0:06:47]} 31. c4+ {[%clk 0:16:45]} Kc5
{[%clk 0:04:30]} 32. Nb3+ {[%clk 0:15:25]} Kd6 {[%clk 0:04:53]} 33. Nd4
{[%clk 0:10:50]} Bxd4 {[%clk 0:02:37]} 34. Kxd4 {[%clk 0:11:17]} e5+
{[%clk 0:03:04]} 35. Kd3 {[%clk 0:10:54]} g5 {[%clk 0:03:24]} 36. b4
{[%clk 0:07:53]} h5 {[%clk 0:03:05]} 37. Ke3 {[%clk 0:06:02]} h4 {[%clk 0:03:09]}
38. a3 {[%clk 0:05:05]} Kc6 {[%clk 0:02:38]} 39. Kd3 {[%clk 0:03:42]} a5
{[%clk 0:02:16]} 40. Ke3 {[%clk 0:03:49]} Kd6 {[%clk 0:01:56]} 41. Kd3
{[%clk 0:01:10]} b5 {[%clk 0:01:18]} 42. c5+ {[%clk 0:01:17]} Kd5
{[%clk 0:01:47]} 43. Ke3 {[%clk 0:01:10]} a4 {[%clk 0:02:03]} 44. Ke2
{[%clk 0:01:06]} Ke6 {[%clk 0:02:07]} 45. Ke3 {[%clk 0:01:14]} Kd7
{[%clk 0:02:26]} 46. Ke2 {[%clk 0:01:36]} Kc6 {[%clk 0:02:50]} 47. Kd2
{[%clk 0:01:07]} Kd5 {[%clk 0:01:01]} 1/2-1/2

[Event "Eliminacje Miedzywojewodzkie MA-WM C13"]
[Site "Brok"]
[Date "2022.09.16"]
[Round "8.2"]
[White "Nocek, Dominik"]
[Black "Olszewski, Antoni"]
[Result "1/2-1/2"]
[BlackElo "1351"]
[WhiteElo "1627"]
[LiveChessVersion "1.4.8"]

1. e4 {[%clk 1:30:57]} c5 {[%clk 1:24:24]} 2. Nf3 {[%clk 1:31:19]} e6
{[%clk 1:24:39]} 3. d4 {[%clk 1:31:39]} cxd4 {[%clk 1:24:51]} 4. Nxd4
{[%clk 1:32:05]} Nc6 {[%clk 1:24:15]} 5. Nc3 {[%clk 1:32:21]} Qc7
{[%clk 1:24:23]} 6. g3 {[%clk 1:32:34]} a6 {[%clk 1:24:05]} 7. Bg2
{[%clk 1:32:51]} Nf6 {[%clk 1:21:22]} 8. O-O {[%clk 1:33:08]} Be7
{[%clk 1:19:47]} 9. Re1 {[%clk 1:33:24]} d6 {[%clk 1:14:28]} 10. Nxc6
{[%clk 1:33:45]} bxc6 {[%clk 1:14:50]} 11. e5 {[%clk 1:34:10]} dxe5
{[%clk 1:12:06]} 12. Rxe5 {[%clk 1:34:30]} Bb7 {[%clk 1:04:43]} 13. Re1
{[%clk 1:31:32]} Rd8 {[%clk 1:02:45]} 14. Qe2 {[%clk 1:29:20]} Nd5
{[%clk 0:58:42]} 15. Ne4 {[%clk 1:14:58]} O-O {[%clk 0:55:37]} 16. Bd2
{[%clk 1:08:34]} c5 {[%clk 0:47:58]} 17. c4 Nf6 {[%clk 0:43:58]} 18. Bc3
{[%clk 1:03:57]} Nxe4 {[%clk 0:41:15]} 19. Bxe4 {[%clk 1:04:23]} Bxe4
{[%clk 0:40:43]} 20. Qxe4 {[%clk 1:04:49]} Rfe8 {[%clk 0:37:38]} 21. Re3
{[%clk 0:50:53]} Bf8 {[%clk 0:31:03]} 22. g4 {[%clk 0:41:54]} g6 {[%clk 0:16:47]}
23. g5 {[%clk 0:36:07]} Bg7 {[%clk 0:16:17]} 24. Bxg7 {[%clk 0:31:15]} Kxg7
{[%clk 0:16:37]} 25. Qh4 {[%clk 0:29:13]} Rh8 {[%clk 0:14:54]} 26. Qh6+
{[%clk 0:26:03]} Kg8 {[%clk 0:15:23]} 27. Rae1 {[%clk 0:22:15]} Qf4
{[%clk 0:14:33]} 28. Re4 {[%clk 0:21:23]} Qf3 {[%clk 0:13:36]} 29. Qh4
{[%clk 0:17:00]} Rd2 {[%clk 0:10:41]} 30. R4e3 {[%clk 0:16:47]} Qc6
{[%clk 0:09:20]} 31. Qf4 {[%clk 0:09:35]} Qd6 {[%clk 0:06:03]} 32. Qf6
{[%clk 0:05:55]} h6 {[%clk 0:04:00]} 33. Rxe6 {[%clk 0:03:43]} fxe6
{[%clk 0:04:03]} 34. Qxg6+ {[%clk 0:03:58]} Kf8 {[%clk 0:04:12]} 35. Rxe6
{[%clk 0:01:29]} Rd1+ {[%clk 0:02:25]} 36. Kg2 {[%clk 0:01:56]} Rg1+
{[%clk 0:01:13]} 37. Kxg1 {[%clk 0:02:17]} Qd1+ {[%clk 0:01:38]} 38. Kg2
{[%clk 0:02:13]} Qg4+ {[%clk 0:01:53]} 39. Kf1 {[%clk 0:01:32]} Qxc4+
{[%clk 0:02:06]} 40. Ke1 {[%clk 0:00:49]} Qb4+ {[%clk 0:01:21]} 41. Ke2
{[%clk 0:00:46]} Qg4+ {[%clk 0:01:42]} 42. Kf1 {[%clk 0:00:41]} Qc4+
{[%clk 0:01:53]} 43. Ke1 {[%clk 0:00:50]} Qb4+ {[%clk 0:02:15]} 44. Kd1
{[%clk 0:00:36]} Qd4+ {[%clk 0:02:19]} 45. Ke2 {[%clk 0:00:43]} Qg4+
{[%clk 0:02:42]} 46. Kd3 {[%clk 0:00:32]} Qd4+ {[%clk 0:02:10]} 47. Ke2
{[%clk 0:00:39]} Qg4+ 1/2-1/2

[Event "Eliminacje Miedzywojewodzkie MA-WM C13"]
[Site "Brok"]
[Date "2022.09.16"]
[Round "8.3"]
[White "Urych, Krzysztof"]
[Black "Terkiewicz, Bruno"]
[Result "1/2-1/2"]
[BlackElo "1846"]
[WhiteElo "1328"]
[LiveChessVersion "1.4.8"]

1. d4 {[%clk 1:30:58]} Nf6 {[%clk 1:30:39]} 2. Nf3 {[%clk 1:31:24]} e6
{[%clk 1:30:51]} 3. Bg5 {[%clk 1:31:49]} Be7 {[%clk 1:30:46]} 4. Nbd2
{[%clk 1:32:08]} d5 {[%clk 1:30:55]} 5. e3 {[%clk 1:32:34]} c5 {[%clk 1:27:55]}
6. c3 {[%clk 1:32:57]} Nc6 {[%clk 1:25:21]} 7. Bd3 {[%clk 1:33:20]} b6
{[%clk 1:24:05]} 8. O-O {[%clk 1:33:03]} Qc7 {[%clk 1:22:33]} 9. Bf4
{[%clk 1:15:32]} Bd6 {[%clk 1:22:19]} 10. Bxd6 {[%clk 1:15:48]} Qxd6
{[%clk 1:22:43]} 11. e4 {[%clk 1:15:59]} dxe4 {[%clk 1:21:28]} 12. Nxe4
{[%clk 1:16:20]} Nxe4 {[%clk 1:21:47]} 13. Bxe4 {[%clk 1:16:48]} Bb7
{[%clk 1:17:23]} 14. Ne5 {[%clk 0:58:23]} O-O {[%clk 1:07:57]} 15. Qa4
{[%clk 0:49:00]} Rfc8 {[%clk 1:03:07]} 16. Nxc6 {[%clk 0:47:56]} Bxc6
{[%clk 1:01:31]} 17. Bxc6 {[%clk 0:48:01]} Qxc6 {[%clk 1:01:23]} 18. Qxc6
{[%clk 0:48:14]} Rxc6 {[%clk 1:01:47]} 19. Rad1 {[%clk 0:45:04]} Rac8
{[%clk 1:01:30]} 20. dxc5 {[%clk 0:43:14]} Rxc5 {[%clk 1:01:00]} 21. Rd7
{[%clk 0:43:08]} R5c7 {[%clk 1:01:15]} 22. Rfd1 {[%clk 0:43:17]} Kf8
{[%clk 1:01:33]} 23. Kf1 {[%clk 0:43:15]} Ke8 {[%clk 1:01:54]} 24. Rxc7
{[%clk 0:43:22]} Rxc7 {[%clk 1:02:19]} 25. Ke2 {[%clk 0:43:10]} Ke7
{[%clk 1:00:55]} 26. Ke3 {[%clk 0:42:19]} Rc5 {[%clk 1:01:13]} 27. h4
{[%clk 0:41:08]} Re5+ {[%clk 1:01:28]} 28. Kf3 {[%clk 0:41:30]} Rf5+
{[%clk 1:01:19]} 29. Ke3 {[%clk 0:41:51]} Re5+ {[%clk 1:01:43]} 30. Kf3
{[%clk 0:42:17]} Rf5+ {[%clk 1:02:06]} 31. Ke3 1/2-1/2